00563nam a22001697a 450000500170000001000270001702000260004403500260007003700130009608200080010910000250011724501120014226000420025427000540029630000190035070000240036920230712121046.0 aENG-113715 ENG-137368 a9788170546870c300.00 aEN- 97247 EN-120900 bDBAD/PUB a882 aMishra, Rama Chandra aMany Shadows :cby Rama Chandra Mishra ; translated into English by Rajanikanta MishrabUnending Darkness / aNew DelhibClassical Publishingc2015 a28, Shopping Centre, KarampurabNew Delhie110015 a78p.c22cm(Hb) aMishra, Rajanikanta